MARC details
| 000 -LEADER |
| fixed length control field |
01189nam a2200313Ia 4500 |
| 005 - DATE AND TIME OF LATEST TRANSACTION |
| control field |
20260213171004.0 |
| 008 - FIXED-LENGTH DATA ELEMENTS--GENERAL INFORMATION |
| fixed length control field |
26011722026 xxu |||||||| |||| eng 0 eng d |
| 020 ## - INTERNATIONAL STANDARD BOOK NUMBER |
| International Standard Book Number |
9798337375908 |
| 040 ## - CATALOGING SOURCE |
| Original cataloging agency |
aue |
| Language of cataloging |
eng |
| Transcribing agency |
aue |
| Description conventions |
rda |
| 041 ## - LANGUAGE CODE |
| Language code of text/sound track or separate title |
eng |
| 050 #0 - LIBRARY OF CONGRESS CALL NUMBER |
| Classification number |
HN59 |
| Item number |
.K37 2026. |
| 100 1# - MAIN ENTRY--PERSONAL NAME |
| Personal name |
Al Kassimi, Khaled. |
| 245 #0 - TITLE STATEMENT |
| Title |
Exploring the Cultural, Moral, and Technological Dimensions of Conflict/ |
| Statement of responsibility, etc. |
edited by Khaled Al-Kassimi, Tuba Işık, Muhammad Fahim, Başak Gezmen. |
| 260 ## - PUBLICATION, DISTRIBUTION, ETC. |
| Name of publisher, distributor, etc. |
IGI Global, |
| Date of publication, distribution, etc. |
2025 |
| 264 31 - PRODUCTION, PUBLICATION, DISTRIBUTION, MANUFACTURE, AND COPYRIGHT NOTICE |
| Place of production, publication, distribution, manufacture |
Hershey, PA : |
| Name of producer, publisher, distributor, manufacturer |
IGI Global Scientific Publishing, |
| Date of production, publication, distribution, manufacture, or copyright notice |
2025. |
| 300 ## - PHYSICAL DESCRIPTION |
| Extent |
428 pages, |
| Dimensions |
$c 25 cm |
| 336 ## - CONTENT TYPE |
| Source |
rdacontent |
| Content type term |
txt |
| Content type code |
text |
| 337 ## - MEDIA TYPE |
| Source |
rdamedia |
| Media type term |
unmediated |
| Media type code |
n |
| 338 ## - CARRIER TYPE |
| Source |
rdacarrier |
| Carrier type term |
volume |
| Carrier type code |
nc |
| 500 ## - GENERAL NOTE |
| General note |
Conflict shapes societies, ideologies and innovations across time, examining cultural differences, moral dilemmas, and technological advancement |
| 650 #0 - SUBJECT ADDED ENTRY--TOPICAL TERM |
| Topical term or geographic name entry element |
Conflict |
| General subdivision |
Moral and ethical aspects. |
| 650 #0 - SUBJECT ADDED ENTRY--TOPICAL TERM |
| Topical term or geographic name entry element |
Cultural conflict |
| General subdivision |
Study and teaching. |
| 650 #0 - SUBJECT ADDED ENTRY--TOPICAL TERM |
| Topical term or geographic name entry element |
Technology and society |
| General subdivision |
Ethical aspects |
| 700 ## - ADDED ENTRY--PERSONAL NAME |
| Personal name |
Tuba Ik. |
| 700 ## - ADDED ENTRY--PERSONAL NAME |
| Personal name |
Fahim, Muhammad, |
| 700 ## - ADDED ENTRY--PERSONAL NAME |
| Personal name |
Gezmen, Başak, |
| 942 ## - ADDED ENTRY ELEMENTS (KOHA) |
| Koha item type |
Books |
| Source of classification or shelving scheme |
Library of Congress Classification |
| Suppress in OPAC |
No |